000 00700nam a2200205 a 4500
001 000019366
005 20260417182716.0
008 100626s1997 mx 000 0 spa d
020 _a9701807499
040 _aDO-SdBNP
_bspa
_cBNPHU
082 _a860
_bS235p
100 1 _aSantí, Enrico Mario,
_d1950-
_941609
245 1 0 _aPor una politeratura :
_bliteratura hispanoamericana e imaginación política /
_cEnrico Mario Santí.
260 _aMéxico :
_bConsejo Nacional para la Cultura y las Artes ;
_bEdiciones del Equilibrista,
_c1997.
300 _a354, [5] p. ;
_c22 cm.
490 1 _aHora actual
650 0 _aLiteratura hispanoamericana
_9318
830 0 _aHora actual
_922685
049 _aBNGR
999 _c18883
_d18883